| 000 -ლიდერი |
| ფიქსირებული სიგრძის საკონტროლო ველი |
01221nam a22002297a 4500 |
| 003 - საკონტროლო ნომრის იდენტიფიკატორი |
| საკონტროლო ველი |
Ge_BSU |
| 005 - ბოლო ოპერაციის თარიღი და დრო |
| საკონტროლო ველი |
20250611165919.0 |
| 008 - ფიქსირებული სიგრძის მონაცემთა ელემენტები - ზოგადი ინფორმაცია |
| ფიქსირებული სიგრძის საკონტროლო ველი |
250611s2022 ge ||||| |||| 00| 0 geo d |
| 020 ## - წიგნის საერთაშორისო სტანდარტული ნომერი |
| International Standard Book Number |
9789941409868 |
| 041 ## - ენის კოდი |
| Language code of text/sound track or separate title |
geo |
| 080 ## - უნივერსალური ათობითი კლასიფიკაციის ინდექსი |
| Universal Decimal Classification number |
395 +17.021.1+37.026.9 დ-76 |
| 100 ## - მთავარი ჩანაწერი - პიროვნების სახელი |
| Personal name |
დოროხოვი, ა. |
| 9 (RLIN) |
25384 |
| 245 ## - ცნობა სათაურის შესახებ |
| Title |
როგორ მოვიქცეთ : |
| Remainder of title |
(საუბარი თავაზიანობასა და ქცევის წესებზე) / |
| Statement of responsibility, etc |
ა. დოროხოვი; თარგმნა ნოდარ ბასილაძემ; რედაქტორი მერი ცინცაძე. |
| 250 ## - გამოცემის ცნობა |
| Edition statement |
მეორე გამოცემა |
| 264 ## - წარმოების, გამოცემის, დისტრიბუციის და სხვა ცნობები |
| გამოცემის, წარმოების, დისტრიბუციის... ადგილი |
ბათუმი: |
| გამოცემის, წარმოების, დისტრიბუციის... თარიღი |
2022.. |
| 300 ## - ფიზიკური აღწერა |
| Extent |
122 გვ. ; |
| Other physical details |
21 სმ. |
| 653 ## - INDEX TERM--UNCONTROLLED |
| Uncontrolled term |
საზოგადოებაში მოქცევის წესები |
| 653 ## - INDEX TERM--UNCONTROLLED |
| Uncontrolled term |
მოსწავლეთა ქცევის წესები. ეტიკეტი |
| 700 ## - ADDED ENTRY--PERSONAL NAME |
| Personal name |
ბასილაძე, ნოდარ |
| Relator term |
მთარგმნელი |
| 9 (RLIN) |
25385 |
| 700 ## - ADDED ENTRY--PERSONAL NAME |
| Personal name |
ცინცაძე, მერი, |
| Relator term |
რედაქტორი |
| 9 (RLIN) |
1857 |
| 942 ## - ADDED ENTRY ELEMENTS (KOHA) |
| Source of classification or shelving scheme |
|
| Koha item type |
წიგნი |